RATTAN

Bibliographic Details
Format: Book
Published: Singapore : Fraser and Neave , 1923
Series:Malayan series; no. XVII
Subjects:

MARC

LEADER 00000cam a2200000 7i4500
001 0000001845
005 20020218.0
090 0 0 |a R584.5   |b RAT 1923 
245 0 0 |a RATTAN 
260 0 0 |a Singapore :   |b Fraser and Neave ,   |c 1923 
300 |a 22 p. ;   |c 20 cm. 
440 0 0 |a Malayan series; no. XVII 
650 0 0 |a Rattan 
998 |a JPSM 
999 |a 0000002897   |b Monograph   |c Reference   |e Default branch